Retrouve les chansons de Feu! Chatterton - Statistiques

Statistiques générales
  • Ce quiz a été pris 12 fois
  • Le résultat moyen est 15 sur 21
Answers on the Grid
Answers color-coded by a green-red scale on the quiz's grid according to % correct below.
Fou à lier
L'apologie
L'ivresse
Les nuits parisiennes
Erussel Baled (les ruines)
Dieu m'a donné la foi
L'étranger
Ginger
Compagnons
La mort dans la pinède
Entrer dans la lumière
Mille vagues
Partir un jour
Allons voir
Tri Martolod
Sari d'Orcino
A cause ou grâce
Cristaux liquides
Parle à ma main
Zone libre
La Malinche
Boeing
Sous la pyramide
Cantique
Le labyrinthe
Vertiges de l'amour
Un monde nouveau
Côte Concorde
Ecran total
Le pouvoir des fleurs
 
Statistiques - réponses
Réponse % Correct
Le labyrinthe
90%
Allons voir
80%
Cristaux liquides
80%
Ecran total
80%
La Malinche
80%
La mort dans la pinède
80%
Mille vagues
80%
Un monde nouveau
80%
A cause ou grâce
70%
Compagnons
70%
Côte Concorde
70%
Erussel Baled (les ruines)
70%
Fou à lier
70%
L'étranger
70%
L'ivresse
70%
Boeing
60%
Ginger
60%
Sari d'Orcino
60%
Sous la pyramide
60%
Zone libre
60%
Cantique
50%
Aucun quiz correspondant
Distribution des résultats
% des personnes avec chaque résultat
Percentile par nombre de réponses
Votre historique - résultats
Vous n’avez pas pris ce quiz